| 000 | 00463 a2200157 4500 | ||
|---|---|---|---|
| 999 |
_c216 _d216 |
||
| 008 | 220330b ||||| |||| 00| 0 eng d | ||
| 020 | _a9789280116762 | ||
| 082 | 0 | 0 |
_a623.87 _bI339 |
| 110 |
_976 _aInternational Maritime Organization |
||
| 245 | _aEngine room simulator (Model Course 2.07) | ||
| 260 |
_aLondon: _bInternational Maritime Organization, _c2002. |
||
| 300 | _av, 184 p, | ||
| 490 | 0 |
_aModel Course; _v2.07 |
|
| 650 | 0 | _aMarine Engines | |
| 942 |
_2ddc _cBK |
||